000 00443nmm a2200169Ia 4500
008 251105s9999||||xx |||||||||||||||||und||
020 _a9788496831889
041 _aspa
100 _aKokis, Sergio
245 0 _aLa estación
264 _a[Madrid, España] :
_bMontesinos,
_c2008
300 _a192 páginas
490 _aNarrativa
650 _aOther narratives
856 _uhttps://public.digitaliapublishing.com/a/37111
942 _cCF
999 _c90166
_d90166